000 01052nam a22003137a 4500
003 CHAP
005 20220329143342.0
008 081113s2006 mx a r 00010 spa d
010 _a95375
011 _a96347
020 _a970971225 X
035 _a106998
040 _cCHAP
090 _aFolleto 17381
100 1 _aCortina, Sergio
_928317
245 1 0 _aDeforestación en los Altos de Chiapas :
_bmagnitud y causas, recomendaciones para la planeación estratégica forestal
_c/por Sergio Cortina
260 _aTapachula, Chis. :
_bEl Colegio de la Frontera Sur,
_c2006
300 _a27 p. :
_bilus.
590 _aBATCH-UPD
_b10
_c20130110
_lUCH01
_h0802
590 _aBATCH-UPD
_b10
_c20130410
_lUCH01
_h0440
590 _aBATCH-UPD
_b10
_c20130914
_lUCH01
_h0723
590 _aCONVERSION
_b10
_c20130109
_lUCH01
_h1353
650 1 4 _aBosques
_xRegeneración.
_914377
650 1 4 _aBosques
_zChiapas.
_914414
650 1 4 _aDesforestación.
_932131
901 _aBK
942 _cFOLL
949 _aFolleto 17381
_bBC
_cFOLL
_d33724002077876
_eTS1
_i106998
_sb
999 _c95375
_d95375